Statistiques concernant Les films récompensés par le Prix Méliès

Cliquez ici pour prendre le quiz!

Statistiques générales

  • Ce quiz a été pris 20 fois
  • Le résultat moyen est 38 sur 83

Statistiques - réponses

AnnéeFilmRéalisateur% Correct
2001Le fabuleux {destin} d'Amélie PoulainJean-Pierre Jeunet
95%
1954Le Rouge et le {Noir}Claude Autant-Lara
95%
1959Les Quatre Cents {Coups}François Truffaut
95%
2013La {vie} d'AdèleAbdellatif Kechiche
79%
2020Les {choses} qu'on dit, les choses qu'on faitEmmanuel Mouret
79%
2012{Amour}Michael Haneke
74%
1967Belle de {jour}Luis Bunuel
74%
1981{Garde} à vueClaude Miller
74%
1959Hiroshima, mon {amour}Alain Resnais
74%
1984Les nuits de la {pleine} luneEric Rohmer
74%
2017{120} battements par minuteRobin Campillo
68%
1947Le silence est d'{or}René Clair
68%
1964Les parapluies de {Cherbourg}Jacques Demy
68%
1958Mon {oncle}Jacques Tati
68%
1980Mon {oncle} d'AmériqueAlain Resnais
68%
1975Que la {fête} commenceBertrand Tavernier
68%
2004{Rois} et ReinesArnaud Desplechin
68%
1957Un condamné à {mort} s'est échappéRobert Bresson
68%
1960A bout de {souffle}Jean-Luc Godard
63%
1981Coup de {torchon}Bertrand Tavernier
58%
2005De {battre} mon coeur s'est arrêtéJacques Audiard
58%
2010Des hommes et des {dieux}Xavier Beauvois
58%
2002{Etre} et avoirNicolas Philibert
58%
1997On connait la {chanson}Alain Resnais
58%
1983Pauline à la {plage}Eric Rohmer
58%
1993Smoking / No {Smoking}Alain Resnais
58%
1987{Au revoir} les enfantsLouis Malle
53%
1973La {nuit} américaineFrançois Truffaut
53%
1957La {traversée} de ParisClaude Autant-Lara
53%
1951Le {journal} d'un curé de campagneRobert Bresson
53%
1956Le monde du {silence}Jacques-Yves Cousteau
53%
1953Le {salaire} de la peurHenri-Georges Clouzot
53%
1994Trois {couleurs} : RougeKrzyszlof Kieslowski
53%
1966La guerre est {finie}Alain Resnais
47%
1998La Vie rêvée des {anges}Erick Zonca
47%
1985Péril en la {demeure}Michel Deville
47%
1985Sans {toit} ni loiAgnès Varda
47%
2009Un {prophète}Jacques Audiard
47%
1968{Baisers} volésFrançois Truffaut
42%
1996Capitaine {Conan}Bertrand Tavernier
42%
1955Du {rififi} chez les hommesJules Dassin
42%
2016{Elle}Paul Verhoeven
42%
2007La {Graine} et le MuletAbellatif Kechiche
42%
1972Le charme {discret} de la bourgeoisieLuis Bunuel
42%
1970L'enfant {sauvage}François Truffaut
42%
1956Les {grandes} manoeuvresRené Clair
42%
2019Les {Misérables}Ladj Ly
42%
1976L'Histoire d'{Adèle} H.François Truffaut
42%
1969Ma nuit chez {Maud}Eric Rohmer
42%
1995{Nelly} et Monsieur ArnaudClaude Sautet
42%
1979{Perceval} le GalloisEric Rohmer
42%
1991La Belle {Noiseuse}Jacques Rivette
37%
1974Lacombe {Lucien}Louis Malle
37%
1961L'année {dernière} à MarienbadAlain Resnais
37%
1971Le {genou} de ClaireEric Rohmer
37%
2014{Timbuktu}Abderrahmane Sissako
37%
1992Un coeur en {hiver}Claude Sautet
37%
1966Au hasard {Balthazar}Robert Bresson
32%
1946La bataille du {rail}René Clément
32%
1960Le {Trou}Jacques Becker
32%
2011L'Exercice de l'{Etat}Pierre Schoeller
32%
2021{Onoda}, 10000 nuits dans la jungleArthur Haran
32%
1982Une {chambre} en villeJacques Demy
32%
2015{Fatima}Philippe Faucon
26%
1999La Maladie de {Sachs}Michel Deville
26%
1988La petite {voleuse}Claude Miller
26%
1978Le {dossier} 51Michel Deville
26%
1962Le {Procès}Orson Welles
26%
1952Les {Belles} de nuitRené Clair
26%
2000Les Glaneurs et la {Glaneuse}Agnès Varda
26%
1986{Thérèse}Alain Cavalier
26%
2008Les {plages} d'AgnèsAgnès Varda
21%
1989Monsieur [Hire}Patrick Leconte
21%
1967{Mouchette}Robert Bresson
21%
2006{Coeurs}Alain Resnais
16%
1990La {Discrète}Christian Vincent
16%
1965La vieille dame {indigne}René Allio
16%
2018Mektoub, my love {canto} unoAbdellatif Kechiche
16%
1977{Providence}Alain Resnais
16%
1950{Rendez-vous} de juilletJacques Decker
16%
1949{Manon}Henri-Georges Clouzot
11%
1948Paris {1900}Nicole Vedrès
11%
2003Trilogie : Un couple épatant / {Cavale} / Après la vieLucas Belvaux
11%

Distribution des résultats

Percentile par nombre de réponses

% des personnes avec chaque résultat

Votre développement - résultats

Vous n’avez pas pris ce quiz